| 000 | 00856nam a22002057a 4500 | ||
|---|---|---|---|
| 999 |
_c12055 _d12055 |
||
| 003 | AR-CdUCM | ||
| 008 | 190405b ||||| |||| 00| 0 spa d | ||
| 040 |
_aMUNICIPALIDAD PROVINCIAL DEL CUSCO _cBIBLIOTECA MUNICIPAL DEL CUSCO |
||
| 082 |
_a050 / _bMV / 1963 |
||
| 110 |
_aCuadernos de poesía _929718 |
||
| 245 | _aLos mejores versos / | ||
| 260 |
_aBuenos Aires : _bNuestra América, _c1963. |
||
| 300 |
_atomos _c22 cm. |
||
| 505 | _aContenido: t.1: Guillermo Valencia -- t.3: Jose Asunción Silva -- t.11: Federico Garcia Lorca -- T.16: Jose Marti -- t.19: Ricardo Nieto -- t.21: Alfonsina Storni -- t.22: Andres Eloy Blanco -- t.3: Poesía Negra -- t.31: Leopoldo Lugones -- t.32: Nicolas Guillen | ||
| 650 |
_aPoesías. _92272 |
||
| 650 |
_aVersos. _92209 |
||
| 650 |
_aMejores Versos. _929719 |
||
| 942 |
_2ddc _cLIBROS |
||
| 945 |
_awfj _d2019-04-05 |
||